| 000 | 01148nam a22003617a 4500 | ||
|---|---|---|---|
| 001 | 0000421 | ||
| 003 | KOHA_MİRAKIL | ||
| 005 | 20260207001209.0 | ||
| 007 | ta | ||
| 008 | 081212b2007 tu a|||gr||||#||||0|tur | | ||
| 020 |
_a9789755916644 _cYTL13,69 |
||
| 040 |
_aTR-BiSEU _btur _cTR-BiSEU _erda |
||
| 041 | 0 | _atur | |
| 044 | _ctu | ||
| 050 |
_aT45 _b.S46 2007 |
||
| 100 | 1 | _aŞengirgin, Mesut. | |
| 245 | 1 |
_aMeslek Yüksekokulu programları için teknolojinin bilimsel ilkeleri/ _cMesut Şengirgin ; Mesut Şengirgin, Kadir Çavdar. |
|
| 250 | _aGözden geçrş.2. basım. | ||
| 264 | 1 |
_aAnkara : _bNobel Yayın Dağıtım _c2007 |
|
| 300 |
_avi, 229 sayfa : _bresimli ; _c24 cm. |
||
| 336 |
_ametin _btxt _2rdacontent |
||
| 337 |
_aaracısız _bn _2rdamedia |
||
| 338 |
_acilt _bnc _2rdacarrier |
||
| 490 | 1 |
_aNobel yayın ; _vno: 680. |
|
| 490 | 1 |
_a Teknik yayınlar dizisi ; _vno: 46 |
|
| 500 | _aKaynakça var. | ||
| 650 | 0 |
_aTechnology. _92543 |
|
| 650 | 0 |
_aScience. _92544 |
|
| 650 | 0 |
_aMechanics. _92486 |
|
| 830 | 1 |
_aNobel yayın ; _vno: 680. _91510 |
|
| 830 | 1 |
_a Teknik yayınlar dizisi ; _vno: 46 _92545 |
|
| 942 |
_2lcc _cBK |
||
| 999 |
_c422 _d422 |
||